Industrial progress in Poland, Czechoslovakia, and East Germany, 1937-1962

محفوظ في:
التفاصيل البيبلوغرافية
المؤلف الرئيسي: Zauberman, Alfred
التنسيق: كتاب
اللغة:Undetermined
منشور في: London Oxford University Press 1964
الوسوم: إضافة وسم
لا توجد وسوم, كن أول من يضع وسما على هذه التسجيلة!
Thư viện lưu trữ: Trung tâm Học liệu Trường Đại học Cần Thơ
LEADER 00493nam a2200169Ia 4500
001 CTU_85724
008 210402s9999 xx 000 0 und d
082 |a 338.0943 
082 |b Z39 
100 |a Zauberman, Alfred 
245 0 |a Industrial progress in Poland, Czechoslovakia, and East Germany, 1937-1962 
245 0 |c Alfred Zauberman 
260 |a London 
260 |b Oxford University Press 
260 |c 1964 
904 |i Năm 
980 |a Trung tâm Học liệu Trường Đại học Cần Thơ